Normal view
MARC view
Entry Topical Term
001 - CONTROL NUMBER
- control field: 17577
003 - CONTROL NUMBER IDENTIFIER
- control field: ARRUPE
005 - DATE AND TIME OF LATEST TRANSACTION
- control field: 20150430105642.0
008 - FIXED-LENGTH DATA ELEMENTS
- fixed length control field: 150430|| aca||aabn | a|a d
040 ## - CATALOGING SOURCE
- Original cataloging agency: ARRUPE
- Transcribing agency: ARRUPE
150 ## - HEADING--TOPICAL TERM
- Topical term or geographic name as entry element: Science philosophy
670 ## - SOURCE DATA FOUND
- Source citation: Work cat.: (ARRUPE): Heisenberg, Werner. 17399, The Physicist,s conception of nature , 1958